| 000 | 00606nam a2200193Ia 4500 | ||
|---|---|---|---|
| 008 | 151119s9999||||xx |||||||||||||| ||und|| | ||
| 082 | _a928.9142 | ||
| 082 | _bGKKV20459 | ||
| 100 | _aमाडगुळकर ग दि | ||
| 245 | _aवाटेवरल्या सावल्या | ||
| 260 | _a-- | ||
| 260 | _b-- | ||
| 260 | _c1981 | ||
| 600 | _aमाडगुळकर ग दि | ||
| 630 | _aवाटेवरल्या सावल्या | ||
| 700 | _aमाडगुळकर ग दि | ||
| 730 | _aवाटेवरल्या सावल्या | ||
| 942 | _cBOOK | ||
| 999 |
_c1073335 _d1073332 |
||